<?xml version="1.0" encoding="UTF-8"?><?xml-stylesheet type="text/xsl" href="static/style.xsl"?><OAI-PMH xmlns="http://www.openarchives.org/OAI/2.0/" xmlns:xsi="http://www.w3.org/2001/XMLSchema-instance" xsi:schemaLocation="http://www.openarchives.org/OAI/2.0/ http://www.openarchives.org/OAI/2.0/OAI-PMH.xsd"><responseDate>2026-04-17T14:28:56Z</responseDate><request verb="GetRecord" identifier="oai:www.recercat.cat:2445/108186" metadataPrefix="marc">https://recercat.cat/oai/request</request><GetRecord><record><header><identifier>oai:recercat.cat:2445/108186</identifier><datestamp>2025-12-05T14:23:41Z</datestamp><setSpec>com_2072_1057</setSpec><setSpec>col_2072_478816</setSpec><setSpec>col_2072_478908</setSpec><setSpec>col_2072_478917</setSpec><setSpec>col_2072_478933</setSpec></header><metadata><record xmlns="http://www.loc.gov/MARC21/slim" xmlns:dcterms="http://purl.org/dc/terms/" xmlns:xsi="http://www.w3.org/2001/XMLSchema-instance" xmlns:doc="http://www.lyncode.com/xoai" xsi:schemaLocation="http://www.loc.gov/MARC21/slim http://www.loc.gov/standards/marcxml/schema/MARC21slim.xsd">
   <leader>00925njm 22002777a 4500</leader>
   <datafield ind2=" " ind1=" " tag="042">
      <subfield code="a">dc</subfield>
   </datafield>
   <datafield ind2=" " ind1=" " tag="720">
      <subfield code="a">Makowski, Kamil</subfield>
      <subfield code="e">author</subfield>
   </datafield>
   <datafield ind2=" " ind1=" " tag="720">
      <subfield code="a">Vigevani, Luisa</subfield>
      <subfield code="e">author</subfield>
   </datafield>
   <datafield ind2=" " ind1=" " tag="720">
      <subfield code="a">Albericio Palomera, Fernando</subfield>
      <subfield code="e">author</subfield>
   </datafield>
   <datafield ind2=" " ind1=" " tag="720">
      <subfield code="a">Valcárcel, Juan</subfield>
      <subfield code="e">author</subfield>
   </datafield>
   <datafield ind2=" " ind1=" " tag="720">
      <subfield code="a">Álvarez Domingo, Mercedes</subfield>
      <subfield code="e">author</subfield>
   </datafield>
   <datafield ind2=" " ind1=" " tag="260">
      <subfield code="c">2017-03-09T15:07:47Z</subfield>
   </datafield>
   <datafield ind2=" " ind1=" " tag="260">
      <subfield code="c">2017-11-24T23:01:22Z</subfield>
   </datafield>
   <datafield ind2=" " ind1=" " tag="260">
      <subfield code="c">2016-11-24</subfield>
   </datafield>
   <datafield ind2=" " ind1=" " tag="260">
      <subfield code="c">2017-03-09T15:07:47Z</subfield>
   </datafield>
   <datafield ind2=" " ind1=" " tag="520">
      <subfield code="a">Important links exist between the process of pre-mRNA splicing and cancer, as illustrated by the frequent mutation of splicing factors in tumors and the emergence of various families of antitumor drugs that target components of the splicing machinery, notably SF3B1, a protein subunit of spliceosomal U2 small nuclear ribonucleoprotein particle (snRNP). Sudemycins are synthetic compounds that harbor a pharmacophore common to various classes of splicing inhibitors. Here, we describe the synthesis and functional characterization of novel sudemycin analogues that function- ally probe key functional groups within this pharmacophore. Our results confirm the importance of a conjugated diene group and in addition reveal significant spatial flexibility in this region of the molecule. Sudemycin K, a derivative that replaces the pharmacophore's oxycarbonyl by an amide group, displays improved potency as an inhibitor of cancer cell proliferation, as a regulator of alternative splicing in cultured cells and as an inhibitor of in vitro spliceosome assembly. Sudemycin K displays higher stability, likely related to the replacement of the oxycarbonyl group, which can be a substrate of esterases, by an amide group. The activity and special reactivity of sudemycin K can pave the way to the synthesis and evaluation of a variety of novel sudemycin derivatives.</subfield>
   </datafield>
   <datafield tag="653" ind2=" " ind1=" ">
      <subfield code="a">Càncer</subfield>
   </datafield>
   <datafield tag="653" ind2=" " ind1=" ">
      <subfield code="a">Medicaments</subfield>
   </datafield>
   <datafield tag="653" ind2=" " ind1=" ">
      <subfield code="a">Inhibidors enzimàtics</subfield>
   </datafield>
   <datafield tag="653" ind2=" " ind1=" ">
      <subfield code="a">Cancer</subfield>
   </datafield>
   <datafield tag="653" ind2=" " ind1=" ">
      <subfield code="a">Drugs</subfield>
   </datafield>
   <datafield tag="653" ind2=" " ind1=" ">
      <subfield code="a">Enzyme inhibitors</subfield>
   </datafield>
   <datafield ind2="0" ind1="0" tag="245">
      <subfield code="a">Sudemycin K: a synthetic anti-tumor splicing inhibitor variant with improved activity and versatile chemistry</subfield>
   </datafield>
</record></metadata></record></GetRecord></OAI-PMH>